Analysis of the Assembly Process of a Selected Component in an Automobile

Príspevok sa zaoberá analýzou procesu montáže vybraného komponentu. Účelom analýzy je identifikovať úzke miesta v procese montáže a navrhnúť možné zlepšenia procesu montáže. Ako predmet montáže bol zvolený karburátor osobného automobilu.

Enregistré dans:
Détails bibliographiques
Auteur principal: Daneshjo, Naqibullah, 1964-
Autres auteurs: Mareš, Albert, Malega, Peter, Rehák, Róbert, 1984-, Dzuro, Matúš, 1983-
Format: Chapitre de livre
Langue:anglais
Sujets:
Tags: Ajouter un tag
Pas de tags, Soyez le premier à ajouter un tag!

MARC

LEADER 00000naa a2200000 4500
001 0284584
005 20240502083913.5
041 0 |a eng 
044 |a RS 
245 1 0 |a Analysis of the Assembly Process of a Selected Component in an Automobile  |c Naqibullah Daneshjo, Albert Mareš, Peter Malega, Róbert Rehák, Matúš Dzuro 
520 |a Príspevok sa zaoberá analýzou procesu montáže vybraného komponentu. Účelom analýzy je identifikovať úzke miesta v procese montáže a navrhnúť možné zlepšenia procesu montáže. Ako predmet montáže bol zvolený karburátor osobného automobilu. 
610 2 0 |a priemysel automobilový 
610 2 0 |a priemysel strojársky 
610 2 0 |a výroba 
610 2 0 |a montáže 
100 1 |a Daneshjo, Naqibullah, 1964- 
700 1 |a Mareš, Albert 
700 1 |a Malega, Peter 
700 1 |a Rehák, Róbert, 1984- 
700 1 |a Dzuro, Matúš, 1983-